| 000 | 00447nam a22001457a 4500 | ||
|---|---|---|---|
| 082 | _aP-244 | ||
| 100 |
_aAbdul Saboor sun no 1 _948013 |
||
| 245 |
_aStudy of Seepage Control Facilities and Underdrainage system of Ghazi Barotha Power Channel _cAbdul Saboor, Syed Ali Raza |
||
| 260 |
_aRisalpur _bMCE _c23 April 2003 |
||
| 300 | _aP-262 | ||
| 526 |
_a0 _b0 _c0 _dP_244 |
||
| 650 | _aProjects | ||
| 700 |
_aDr Farhat Javed _947908 |
||
| 942 |
_2ddc _cBK |
||
| 999 |
_c551066 _d551066 |
||